| Tag |
First Indicator |
Second Indicator |
Subfields |
| LEADER |
00000pam a2200000 a 4500 |
| 001 |
in00000548921 |
| 005 |
20151014051527.0 |
| 008 |
840410s1984 msuab s00010 eng |
| 010 |
|
|
|a 84007386
|
| 020 |
|
|
|a 0878052143 (pbk.)
|
| 035 |
|
|
|a (OCoLC)10723744
|
| 035 |
|
|
|9 ACJ4821AM
|
| 039 |
0 |
|
|a 2
|b 3
|c 3
|d 3
|e 3
|
| 040 |
|
|
|a DLC
|c DLC
|d TXA
|d UtOrBLW
|
| 043 |
|
|
|a n-us-ms
|
| 049 |
|
|
|a TXAM
|c [A08252111]
|
| 050 |
0 |
0 |
|a E475.27
|b .Y68 1984
|
| 082 |
0 |
|
|a 973.7/344
|2 19
|
| 100 |
1 |
|
|a Young, Harold.
|
| 245 |
1 |
0 |
|a Vicksburg battlefield monuments :
|b a photographic record /
|c photographs by Harold Young ; text by Steve Walker and David F. Riggs.
|
| 264 |
|
1 |
|a Jackson :
|b University Press of Mississippi,
|c [1984]
|
| 264 |
|
4 |
|c ©1984
|
| 300 |
|
|
|a 87 pages :
|b illustrations, map ;
|c 28 cm.
|
| 336 |
|
|
|a text
|b txt
|2 rdacontent
|
| 337 |
|
|
|a unmediated
|b n
|2 rdamedia
|
| 338 |
|
|
|a volume
|b nc
|2 rdacarrier
|
| 650 |
|
0 |
|a Soldiers' monuments
|z Mississippi
|z Vicksburg National Military Park
|x Pictorial works.
|
| 651 |
|
0 |
|a Vicksburg National Military Park (Miss.)
|x Pictorial works.
|
| 651 |
|
0 |
|a Vicksburg (Miss.)
|x History
|y Siege, 1863
|x Pictorial works.
|
| 700 |
1 |
|
|a Walker, Steve,
|d 1950 February 11-
|
| 700 |
1 |
|
|a Riggs, David F.
|
| 999 |
|
|
|a MARS
|
| 999 |
f |
f |
|s c353a8fb-fa70-350c-8a99-4d930a0ffadc
|i c681dbc2-87c4-3bf0-a6fc-9bb78abfef4a
|t 0
|
| 952 |
f |
f |
|p ric
|a Texas A&M University
|b Rellis Campus
|c Joint Library Facility
|d Remote Storage
|t 0
|e E475.27 .Y68 1984
|h Library of Congress classification
|i unmediated -- volume
|m A14808252111
|
| 998 |
f |
f |
|a E475.27 .Y68 1984
|t 0
|l Remote Storage
|